Tourism in Europe / Structures and Developments (Record no. 2640)
[ view plain ]
| 000 -LEADER | |
|---|---|
| fixed length control field | 01346cam a22002054a 4500 |
| 005 - ΗΜΕΡΟΜΗΝΙΑ ΚΑΙ ΩΡΑ ΤΕΛΕΥΤΑΙΑΣ ΕΝΗΜΕΡΩΣΗΣ | |
| Πεδίο ελέγχου | 20250605164049.0 |
| 008 - FIXED-LENGTH DATA ELEMENTS--GENERAL INFORMATION | |
| Πεδίο ελέγχου σταθερού μήκους | 250528s ||||||||||||||||||||||||d |
| 035 ## - SYSTEM CONTROL NUMBER | |
| System control number | 17206 |
| 020 ## - ISBN | |
| ISBN | 851988520 |
| 040 ## - ΠΗΓΗ ΚΑΤΑΛΟΓΟΓΡΑΦΗΣΗΣ | |
| Φορέας πρωτότυπης καταλογογράφησης | MC Athens Campus Library |
| Γλώσσα καταλογογράφησης | Ελληνικά, Μοντέρνα (1453-) |
| Modifying agency | MC Athens Campus Library |
| Κανόνες περιγραφικής καταλογογράφησης | AACR2 |
| 245 1# - ΤΙΤΛΟΣ ΚΑΙ ΔΗΛΩΣΗ ΥΠΕΥΘΥΝΟΤΗΤΑΣ | |
| Τίτλος | Tourism in Europe / Structures and Developments |
| 260 ## - PUBLICATION, DISTRIBUTION, ETC. | |
| Name of publisher, distributor, etc. | Cab International, |
| Date of publication, distribution, etc. | 1993 |
| 300 ## - PHYSICAL DESCRIPTION | |
| Extent | 370 |
| 520 ## - SUMMARY, ETC. | |
| Summary, etc. | This book provides a general overview of tourism in Europe today. Contributors, Preface, Developments in Tourism in Europe, The Historical Development of Tourism in Europe, Culture and Tourism: Conflict or Symbiosis in Europe?, Tourism Policy in the European Community, The Liberalization of European Transport Markets, A Single European Market for the Tourism Industry, Labor and Vocational Education and Training, Travel Flows in Europe: A Statistical Summary, Structures and Trends in Different European Countries, Tourism in the United Kingdom, Tourism in the Republic of Ireland, Tourism in Benelux, Tourism in Scandinavia, Tourism in France, Tourism in Germany, Tourism in Spain, Tourism in Portugal, Tourism in Greece, Tourism in Italy, Tourism in Non-EC Countries: The Case of Switzerland and Austria, Tourism in Eastern Europe, Index. |
| 700 1# - ΠΡΟΣΘΕΤΗ ΑΝΑΓΡΑΦΗ--ΦΥΣΙΚΟ ΠΡΟΣΩΠΟ | |
| Personal name | Lavery P |
| 9 (RLIN) | 3372 |
| 700 1# - ΠΡΟΣΘΕΤΗ ΑΝΑΓΡΑΦΗ--ΦΥΣΙΚΟ ΠΡΟΣΩΠΟ | |
| Personal name | Pompl W |
| 9 (RLIN) | 3373 |
| 942 ## - ADDED ENTRY ELEMENTS (KOHA) | |
| Koha item type | Books |
| Τύπος τεκμηρίου | Βιβλιοθήκη | Τρέχουσα τοποθεσία | Barcode | Αριθμός εισαγωγής | Ημερομηνία απόκτησης | Ταξιθετικό σύμβολο | Αριθμός αντιτύπου | Κατάσταση απόσυρσης | Κατάσταση χαμένου | Κατάσταση κατεστραμμένου | Μη δανεισμός | Σύνολο δανεισμών | Ημερομηνία τελευταίας εμφάνισης | Η τιμή ισχύει από |
|---|---|---|---|---|---|---|---|---|---|---|---|---|---|---|
| Books | MC Athens Campus Library | MC Athens Campus Library | 9780000026392 | 867 | 05/06/2025 | 338.47914 POM | 2 | 05/06/2025 | 05/06/2025 |